00296nam a22001217a 4500020001800000040000900018082001600027100002200043245003500065250001600100260004200116650001600158 a9788177585803 cNUST a620.106 ESP aEsposito, Anthony aFluid PowerbWith Applications a6th Edition aNew Delhi:bPearson Education,c2009. aFluid Power